Nonparametric statistical methods using R / (Record no. 51214)

MARC details
000 -LEADER
fixed length control field 00593nam a2200217Ia 4500
005 - DATE AND TIME OF LATEST TRANSACTION
control field 20260429111853.0
008 - FIXED-LENGTH DATA ELEMENTS--GENERAL INFORMATION
fixed length control field 260429s9999||||xx |||||||||||||| ||und||
020 ## - INTERNATIONAL STANDARD BOOK NUMBER
International Standard Book Number 9780367651350
041 ## - LANGUAGE CODE
Language English
082 ## - DEWEY DECIMAL CLASSIFICATION NUMBER
Classification number 005.55
Item number KLO
100 ## - MAIN ENTRY--PERSONAL NAME
Personal name Kloke, John
245 #0 - TITLE STATEMENT
Title Nonparametric statistical methods using R /
Statement of responsibility, etc John Kloke
250 ## - EDITION STATEMENT
Edition statement 2nd ed.
260 ## - PUBLICATION, DISTRIBUTION, ETC. (IMPRINT)
Place of publication, distribution, etc Boca Raton :
Name of publisher, distributor, etc CRC Press,
Date of publication, distribution, etc 2024.
300 ## - PHYSICAL DESCRIPTION
Extent xvii, 447 p.; hb
440 ## - SERIES STATEMENT/ADDED ENTRY--TITLE
Title Texts in statistical science
650 ## - SUBJECT ADDED ENTRY--TOPICAL TERM
Topical term or geographic name as entry element R programming
650 ## - SUBJECT ADDED ENTRY--TOPICAL TERM
Topical term or geographic name as entry element Statistical programming
700 ## - ADDED ENTRY--PERSONAL NAME
Personal name Mckean, Joseph
942 ## - ADDED ENTRY ELEMENTS (KOHA)
Koha item type Text Books
Holdings
Withdrawn status Lost status Damaged status Not for loan Collection code Home library Location Shelving location Date of Cataloging Source of acquisition Total Checkouts Full call number Barcode Date last seen Price effective from Koha item type
        Non-fiction CUTN Central Library CUTN Central Library Generalia 29/04/2026 Prashant Book Agency, New Delhi - Invoice No. 537 on 09-02-2026   005.55 KLO 56072 29/04/2026 29/04/2026 Text Books